=LDR 00000nam 2200000 4500 =001 INLIS000000000055059 =005 20200310022027 =035 ##$$a 0010-0320000166 =007 ta =008 200310###########################0#ind## =020 ##$$a 978-602-51121-8-8 =082 ##$$a 899.221 3 =084 ##$$a 899.221 3 KUP d =100 #$$a Kupu kupu Kecil =245 1#$$a Dara dan Dira /$c Kupu kupu Kecil =260 ##$$a Jakarta :$b RDM Publisher,$c 2018 =300 ##$$a viii, 292 hlm. : $b Ilustrasi ; $c 21 Cm. =650 #4$$a Fiksi Indonesia =700 #$$a Editor :Wulan Mardiana =990 ##$$a 18611861 =990 ##$$a 18611861 =990 ##$$a 18611861 =990 ##$$a 18611861 =990 ##$$a 61901048 =990 ##$$a 6202001861 =990 ##$$a 6202001862 =990 ##$$a 6202001863 =990 ##$$a 61901049 =990 ##$$a 6202001861 =990 ##$$a 6202001862 =990 ##$$a 61901048 =990 ##$$a 61901050 =990 ##$$a 6202001861 =990 ##$$a 61901049 =990 ##$$a 61901048 =990 ##$$a 61901051 =990 ##$$a 61901050 =990 ##$$a 61901049 =990 ##$$a 61901048